|
|
|
|
| LEADER |
00000nla2a2200000 4500 |
| 001 |
646117 |
| 005 |
20260421140544.0 |
| 035 |
|
|
|a (RuTPU)RU\TPU\network\11238
|
| 035 |
|
|
|a RU\TPU\network\11226
|
| 090 |
|
|
|a 646117
|
| 100 |
|
|
|a 20160210d2015 k y0rusy50 ca
|
| 101 |
0 |
|
|a rus
|
| 102 |
|
|
|a RU
|
| 105 |
|
|
|a a z 101zy
|
| 135 |
|
|
|a drgn ---uucaa
|
| 181 |
|
0 |
|a i
|
| 182 |
|
0 |
|a b
|
| 200 |
1 |
|
|a Фазовые превращения в многослойных покрытиях на основе Zr-Y-O
|f М. В. Федорищева [и др.]
|
| 203 |
|
|
|a Текст
|c электронный
|
| 225 |
1 |
|
|a Тонкие пленки и многослойные покрытия как иерархически организованные структуры
|
| 300 |
|
|
|a Заглавие с экрана
|
| 337 |
|
|
|a Adobe Reader
|
| 463 |
|
1 |
|0 (RuTPU)RU\TPU\network\11053
|t Перспективные материалы с иерархической структурой для новых технологий и надежных конструкций
|o тезисы докладов Международной конференции, 21-25 сентября 2015 г., Томск
|f Российская академия наук (РАН), Сибирское отделение (СО), Институт физики прочности и материаловедения (ИФПМ)
|v [С. 490-491]
|d 2015
|
| 610 |
1 |
|
|a электронный ресурс
|
| 610 |
1 |
|
|a труды учёных ТПУ
|
| 610 |
1 |
|
|a фазовые превращения
|
| 610 |
1 |
|
|a многослойные покрытия
|
| 610 |
1 |
|
|a циркониевая керамика
|
| 610 |
1 |
|
|a покрытия
|
| 610 |
1 |
|
|a подложки
|
| 701 |
|
1 |
|a Федорищева
|b М. В.
|c физик
|c доцент Томского политехнического университета, кандидат физико-математических наук
|f 1958-
|g Марина Владимировна
|3 (RuTPU)RU\TPU\pers\35739
|
| 701 |
|
1 |
|a Калашников
|b М. П.
|c физик
|c инженер Томского политехнического университета
|g Марк Петрович
|3 (RuTPU)RU\TPU\pers\31797
|9 15908
|
| 701 |
|
1 |
|a Нейфельд
|b В. В.
|
| 701 |
|
1 |
|a Сергеев
|b В. П.
|c специалист в области материаловедения
|c профессор Томского политехнического университета, доктор технических наук
|f 1949-
|g Виктор Петрович
|3 (RuTPU)RU\TPU\pers\25827
|9 11700
|
| 712 |
0 |
2 |
|a Национальный исследовательский Томский политехнический университет
|c (2009- )
|9 26305
|
| 801 |
|
1 |
|a RU
|b 63413507
|c 20101016
|
| 801 |
|
2 |
|a RU
|b 63413507
|c 20160210
|g RCR
|
| 856 |
4 |
|
|u http://www.ispms.ru/files/Conference/2015/tezis_2015.pdf#page=490
|
| 942 |
|
|
|c CF
|